000 01609nam a2200349Ic 4500
001 59549
003 CO-BoRNBP
005 20251022170048.0
007 ta
008 250128s2024 ck ad g 000 0 spa d
020 _a9789585084049
040 _aCO-BoRNBP
_bspa
_erda
_cCO-BoRNBP
041 0 _aspa
043 _as-ck---
082 0 4 _a658.382
_bC67s
_223
100 _aCorrea Chaparro, Carlos Gabriel
_eaut
_965920
245 1 0 _aSistema integrado de gestión en seguridad y salud en el trabajo /
_cCarlos Gabriel Correa Chaparro.
250 _aEdición especial
264 1 _aBogotá, Colombia :
_bEcoe Ediciones,
_c2024
300 _axvii, 226 páginas :
_bilustraciones, diagramas en blanco y negro,
336 _atexto
_btxt
_2rdacontent
337 _asin mediación
_bn
_2rdamedia
338 _avolumen
_bnc
_2rdacarrier
520 _aSuministra de manera práctica y sencilla el proceso de mejora continua en planeación, implementación, verificación y control de un Sistema de Gestión de Seguridad y de Salud en el Trabajo, ofreciendo a los empleados de las organizaciones puestos de trabajos seguros, saludables y de satisfacción, incluyendo protocolo de bioseguridad como responsabilidad primaria de los empleadores
521 _aRecomendado para un público adulto
534 _tSuperhuman innovation
650 0 7 _aSalud ocupacional
_xLegislación
_zColombia
_2lemb
_965921
650 0 7 _aSeguridad industrial
_xLegislación
_zColombia
_2lemb
_965922
650 0 7 _aSistema general de riesgos profesionales
_zColombia
_2lemb
_965923
700 _aRiaño, Orlando
_etrl
_965916
942 _2ddc
_cBK
999 _c59549
_d59549